| 000 | 00589nam a2200217Ia 4500 | ||
|---|---|---|---|
| 003 | GCL | ||
| 008 | 140319s9999 xx 000 0 eng d | ||
| 040 |
_aGCL / _cGCL |
||
| 082 | 0 | 4 |
_a720.92 _bS W |
| 100 | 1 | _aSCHMIDT, THOMAS | |
| 245 | 1 | 0 |
_aWERNER MARCH ARCHITECTURE DES OLYMPIA - STADIONS 1894 - 1976 / _cSCHMIDT, THOMAS |
| 260 |
_a[S.N] : _bBIRKHAUSER VERLAG ، _c1992 |
||
| 300 | _a166 | ||
| 650 | 0 | 4 | _aالتحليل الرياضى |
| 650 | 0 | 4 | _aARTS |
| 650 | 0 | 4 | _aARCHITECTURE |
| 650 | 0 | 4 | _aCONSTRUCTION |
| 650 | 0 | 4 | _aOLYMPIA STADIUMS |
| 650 | 0 | 4 | _aSTADIUN |
| 942 |
_2ddc _cBK |
||
| 999 |
_c17147 _d17147 |
||